000 00562nam a2200193 4500
003 OSt
005 20140310182133.0
008 130828t xxu||||| |||| 00| 0 eng d
050 _aDT 31
_b.C33 1960
082 _aHS 960.326
_bCa24 1960
100 _aCarter, Gwendolen Margaret,
_d1906-1991.
_914843
245 _aIndependence for Africa /
_cGwedolen M. Carter.
260 _aNew York :
_bFrederick A. Praeger,
_cc1960.
300 _axix,172 p. :
_c20 cm.
541 _j1
562 _e1
650 _aAfrica.
_xHistory.
_x1960.
_914844
942 _2lcc
_cHS
999 _c9729
_d9729